Sustainable energy solutions in agriculture / (Record no. 355675)
[ view plain ]
| 000 -LEADER | |
|---|---|
| fixed length control field | 01608cam a2200337 i 4500 |
| 001 - CONTROL NUMBER | |
| control field | 18034543 |
| 003 - CONTROL NUMBER IDENTIFIER | |
| control field | Nust- CAS-E |
| 005 - DATE AND TIME OF LATEST TRANSACTION | |
| control field | 20180118182444.0 |
| 008 - FIXED-LENGTH DATA ELEMENTS--GENERAL INFORMATION | |
| fixed length control field | 140207t20142014flua b 001 0 eng |
| 010 ## - LIBRARY OF CONGRESS CONTROL NUMBER | |
| LC control number | 2013050612 |
| 020 ## - INTERNATIONAL STANDARD BOOK NUMBER | |
| International Standard Book Number | 9781138001183 (hardback : alk. paper) |
| 020 ## - INTERNATIONAL STANDARD BOOK NUMBER | |
| International Standard Book Number | 113800118X (hardback : alk. paper) |
| 020 ## - INTERNATIONAL STANDARD BOOK NUMBER | |
| Canceled/invalid ISBN | 9781315778716 (e-book PDF) |
| 040 ## - CATALOGING SOURCE | |
| Original cataloging agency | DLC |
| Language of cataloging | eng |
| Transcribing agency | DLC |
| Description conventions | rda |
| Modifying agency | DLC |
| 042 ## - AUTHENTICATION CODE | |
| Authentication code | pcc |
| 050 00 - LIBRARY OF CONGRESS CALL NUMBER | |
| Classification number | S494.5.E5 |
| Item number | S87 2014 |
| 082 00 - DEWEY DECIMAL CLASSIFICATION NUMBER | |
| Classification number | 338.1 |
| Edition number | 23 |
| Author Mark | SUS 2014 |
| 245 00 - TITLE STATEMENT | |
| Title | Sustainable energy solutions in agriculture / |
| Statement of responsibility, etc. | editors, Jochen Bundschuh, University of Southern Queensland, Faculty of Health, Engineering and Sciences & National Centre for Engineering in Agriculture, Toowoomba, Queensland, Australia & Royal Institute of Technology, Stockholm, Sweden, Guangnan Chen, University of Southern Queensland, Faculty of Health, Engineering and Sciences & National Centre for Engineering in Agriculture, Toowoomba, Queensland, Australia. |
| 300 ## - PHYSICAL DESCRIPTION | |
| Extent | xxxix, 453 pages : |
| Other physical details | color illustrations ; |
| Dimensions | 26 cm. |
| 490 0# - SERIES STATEMENT | |
| Series statement | Sustainable energy developments, |
| International Standard Serial Number | 2164-0645 ; |
| Volume/sequential designation | volume 8 |
| 500 ## - GENERAL NOTE | |
| General note | "A Balkema book." |
| 502 ## - DISSERTATION NOTE | |
| Dissertation note | 0 |
| 504 ## - BIBLIOGRAPHY, ETC. NOTE | |
| Bibliography, etc. note | Includes bibliographical references and index. |
| 650 #0 - SUBJECT ADDED ENTRY--TOPICAL TERM | |
| Topical term or geographic name entry element | Agriculture |
| General subdivision | Energy consumption. |
| 9 (RLIN) | 8941 |
| 650 #0 - SUBJECT ADDED ENTRY--TOPICAL TERM | |
| Topical term or geographic name entry element | Agriculture |
| General subdivision | Energy conservation. |
| 9 (RLIN) | 8942 |
| 700 1# - ADDED ENTRY--PERSONAL NAME | |
| Personal name | Bundschuh, Jochen. |
| 9 (RLIN) | 8450 |
| 700 1# - ADDED ENTRY--PERSONAL NAME | |
| Personal name | Chen, Guangnan, |
| Dates associated with a name | 1962- |
| 9 (RLIN) | 8943 |
| 906 ## - LOCAL DATA ELEMENT F, LDF (RLIN) | |
| a | 7 |
| b | cbc |
| c | orignew |
| d | 1 |
| e | ecip |
| f | 20 |
| g | y-gencatlg |
| 942 ## - ADDED ENTRY ELEMENTS (KOHA) | |
| Source of classification or shelving scheme | |
| Koha item type | Book |
| Withdrawn status | Lost status | Source of classification or shelving scheme | Damaged status | Not for loan | Collection code | Permanent Location | Current Location | Shelving location | Date acquired | Source of acquisition | Cost, normal purchase price | Total Checkouts | Full call number | Barcode | Date last seen | Price effective from | Koha item type | Copy number |
|---|---|---|---|---|---|---|---|---|---|---|---|---|---|---|---|---|---|---|
| US-Pakistan Center for Advanced Studies in Energy (USPCAS-E) | US-Pakistan Center for Advanced Studies in Energy (USPCAS-E) | 11/24/2015 | Victoria Co. | 12800.00 | 338.1 SUS 2014 | CAS-E0000758 | 11/24/2015 | 11/24/2015 | Book | |||||||||
| US-Pakistan Center for Advanced Studies in Energy (USPCAS-E) | US-Pakistan Center for Advanced Studies in Energy (USPCAS-E) | 11/24/2015 | Victoria Co. | 12800.00 | 338.1 SUS 2014 | CAS-E0000759 | 11/24/2015 | 11/24/2015 | Book | 2 |
